[Event "HUN-chT2 Maroczy 1819"]
[Site "Hungary"]
[Date "2019.03.31"]
[Round "10.6"]
[White "Kerek, Krisztian"]
[Black "Apro, Adrian"]
[Result "1/2-1/2"]
[WhiteElo "2293"]
[BlackElo "2074"]
[PlyCount "92"]
[EventDate "2018.09.23"]
[EventType "team-tourn"]
[EventRounds "11"]
[EventCountry "HUN"]
[SourceTitle "EXT 2021"]
[Source "ChessBase"]
[SourceDate "2020.10.23"]
[SourceVersion "1"]
[SourceVersionDate "2020.10.23"]
[SourceQuality "1"]
[WhiteTeam "Szigetszentmiklos"]
[BlackTeam "Szeged Maroczy II"]
[WhiteTeamCountry "HUN"]
[BlackTeamCountry "HUN"]

1. e4 c5 2. Nc3 Nc6 3. Bb5 g6 4. Bxc6 dxc6 5. f4 Bg7 6. Nf3 Nf6 7. 0-0 0-0 8. d3 Qc7 9. Qe1 b6 10. Qh4 e6 11. e5 Nd5 12. Ne4 Qd8 13. Nfg5 h6 14. c4 f5 15. exf6 Nxf6 16. Nf3 Nxe4 17. Qxd8 Rxd8 18. dxe4 Ba6 19. Ne5 Bxe5 20. fxe5 Bxc4 21. Rf6 Rd1+ 22. Kf2 Rf1+ 23. Kg3 Rxf6 24. exf6 h5 25. Bg5 Bd3 26. Rd1 c4 27. e5 Kf7 28. Be3 Rd8 29. h4 Rd5 30. Kf4 Ra5 31. a3 Ra4 32. Kf3 Ra5 33. Kf4 Rb5 34. Rd2 Rd5 35. g3 Ra5 36. b3 Rd5 37. bxc4 Bxc4 38. Rd4 Rxd4+ 39. Bxd4 c5 40. Bf2 Bd5 41. Ke3 Bc6 42. Kd3 Ke8 43. Kc4 a6 44. Be3 Bb5+ 45. Kb3 Bc6 46. Kc4 Bd5+ 1/2-1/2

[Event "HUN-chT2 Maroczy 1819"]
[Site "Hungary"]
[Date "2019.02.24"]
[Round "8.7"]
[White "Apro, Adrian"]
[Black "Bernei, Andras"]
[Result "1-0"]
[WhiteElo "2074"]
[BlackElo "2150"]
[PlyCount "59"]
[EventDate "2018.09.23"]
[EventType "team-tourn"]
[EventRounds "11"]
[EventCountry "HUN"]
[SourceTitle "EXT 2020"]
[Source "ChessBase"]
[SourceDate "2019.10.17"]
[SourceVersion "1"]
[SourceVersionDate "2019.10.17"]
[SourceQuality "1"]
[WhiteTeam "Szeged Maroczy II"]
[BlackTeam "Taban Spartacus"]
[WhiteTeamCountry "HUN"]
[BlackTeamCountry "HUN"]

1. c4 Nf6 2. Nc3 c5 3. Nf3 Nc6 4. g3 g6 5. Bg2 Bg7 6. 0-0 0-0 7. d4 cxd4 8. Nxd4 d6 9. Nxc6 bxc6 10. Bxc6 Rb8 11. Qa4 Bh3 12. Rd1 Qc7 13. Rb1 Rb6 14. Bf3 Bd7 15. Nb5 Qb8 16. Be3 a6 17. Qa5 Bxb5 18. Bxb6 Bxc4 19. b3 Be6 20. Qxa6 Nd7 21. Bd4 Ne5 22. Bxe5 Bxe5 23. Rbc1 Qb4 24. Bd5 Bf5 25. Rc4 Qb8 26. Qb7 Qd8 27. Qc7 Qxc7 28. Rxc7 e6 29. Bb7 d5 30. Rc8 1-0

[Event "HUN-chT2 Toth 1516"]
[Site "Hungary"]
[Date "2016.04.03"]
[Round "10.1"]
[White "Apro, Adrian"]
[Black "Gyori, Szabolcs"]
[Result "1/2-1/2"]
[WhiteElo "2096"]
[BlackElo "2170"]
[PlyCount "155"]
[EventDate "2015.09.13"]
[EventType "team-tourn"]
[EventRounds "11"]
[EventCountry "HUN"]
[SourceTitle "EXT 2017"]
[Source "ChessBase"]
[SourceDate "2016.10.25"]
[SourceVersion "1"]
[SourceVersionDate "2016.10.25"]
[SourceQuality "1"]
[WhiteTeam "Maroczy II"]
[BlackTeam "Oroshaza"]
[WhiteTeamCountry "HUN"]
[BlackTeamCountry "HUN"]

1. c4 e5 2. Nc3 Nf6 3. Nf3 d6 4. d4 Nbd7 5. g3 g6 6. Bg2 Bg7 7. dxe5 dxe5 8. 0-0 0-0 9. e4 c6 10. b3 Qa5 11. Bd2 Qc7 12. Qc2 a5 13. h3 Nc5 14. Be3 Qe7 15. Rad1 Re8 16. Ne1 Nfd7 17. Kh2 Nf8 18. Nd3 Nfe6 19. Bxc5 Nxc5 20. Nxc5 Qxc5 21. Na4 Qa7 22. c5 Be6 23. Rd3 Rad8 24. Rfd1 Qa8 25. Qc3 Rxd3 26. Rxd3 Rd8 27. Bf1 Rxd3 28. Qxd3 h5 29. Nb6 Qf8 30. Qc2 Qd8 31. Qd3 Qf6 32. Kg2 Kh7 33. Nc4 Bf8 34. Nd6 Qe7 35. Qc3 b6 36. Nc4 Qxc5 37. Qf3 Qd4 38. g4 hxg4 39. hxg4 a4 40. Kg3 axb3 41. axb3 Bh6 42. Be2 b5 43. Na5 Qb6 44. Qc3 Bf4+ 45. Kg2 b4 46. Qa1 c5 47. Nc4 Qd8 48. Qd1 Qg5 49. f3 Qe7 50. Qa1 Qg5 51. Qd1 Kg7 52. Qh1 f5 53. exf5 gxf5 54. Qh3 e4 55. Kf2 fxg4 56. fxg4 Qf6 57. Kg2 Qc3 58. Qh4 Qxb3 59. Qe7+ Bf7 60. Qxe4 Qg3+ 61. Kf1 Qh3+ 62. Ke1 Qc3+ 63. Kf1 Bg3 64. Bd3 Qf6+ 65. Ke2 b3 66. Nd2 Qf2+ 67. Kd1 Qf6 68. Ke2 Qe5 69. Qxe5+ Bxe5 70. Kd1 Bf4 71. Ne4 c4 72. Bb1 Bd5 73. Nd2 Bxd2 74. Kxd2 Bf7 75. Kc3 Bg6 76. Kxc4 Bc2 77. Kc3 Bd1 78. Kb2 1/2-1/2

[Event "HUN-chT2 Toth 1516"]
[Site "Hungary"]
[Date "2015.09.26"]
[Round "2.3"]
[White "Apro, Adrian"]
[Black "Joo, Janos"]
[Result "0-1"]
[WhiteElo "2113"]
[BlackElo "2066"]
[PlyCount "68"]
[EventDate "2015.09.13"]
[EventType "team-tourn"]
[EventRounds "11"]
[EventCountry "HUN"]
[SourceTitle "CBM 170 Extra"]
[Source "ChessBase"]
[SourceDate "2016.02.25"]
[SourceVersion "1"]
[SourceVersionDate "2016.02.25"]
[SourceQuality "1"]
[WhiteTeam "Maroczy II"]
[BlackTeam "Mako SVSE II"]
[WhiteTeamCountry "HUN"]
[BlackTeamCountry "HUN"]

1. c4 g6 2. Nf3 Bg7 3. Nc3 e5 4. g3 Nc6 5. Bg2 Nge7 6. 0-0 d6 7. Rb1 Be6 8. d3 h6 9. b4 Qd7 10. b5 Nd8 11. Re1 f5 12. Qc2 g5 13. Bb2 g4 14. Nd2 h5 15. Nd5 h4 16. e4 hxg3 17. hxg3 Bxd5 18. cxd5 f4 19. gxf4 Ng6 20. f5 Nf4 21. Nf1 Bf6 22. Ne3 Qg7 23. Qd1 Rh4 24. Nf1 Nf7 25. Ng3 Ng5 26. Bc1 Ngh3+ 27. Bxh3 Nxh3+ 28. Kf1 Nf4 29. f3 Rh3 30. Kf2 Rh2+ 31. Kf1 Bh4 32. Bxf4 exf4 33. fxg4 Bxg3 34. Kg1 Qd4+ 0-1

[Event "HUN-chT2 Maroczy 1314"]
[Site "Hungary"]
[Date "2014.02.16"]
[Round "7"]
[White "Apro, Adrian"]
[Black "Ondok, Laszlo"]
[Result "1/2-1/2"]
[WhiteElo "2151"]
[BlackElo "2210"]
[PlyCount "27"]
[EventDate "2013.09.08"]
[EventType "team-tourn"]
[EventRounds "11"]
[EventCountry "HUN"]
[SourceTitle "EXT 2016"]
[Source "ChessBase"]
[SourceDate "2015.10.08"]
[SourceVersion "1"]
[SourceVersionDate "2015.10.08"]
[SourceQuality "1"]
[WhiteTeam "Mako II"]
[BlackTeam "Kisujszallas"]
[WhiteTeamCountry "HUN"]
[BlackTeamCountry "HUN"]

1. c4 c6 2. Nc3 d5 3. cxd5 cxd5 4. d4 Nf6 5. Nf3 Nc6 6. Bf4 e6 7. e3 Qb6 8. a3 Ne4 9. Nb5 Qa5+ 10. Nd2 Nxd2 11. Qxd2 Bb4 12. Nc3 0-0 13. Rc1 Be7 14. Bd3 1/2-1/2

[Event "HUN-chT2 Maroczy 1314"]
[Site "Hungary"]
[Date "2013.11.17"]
[Round "5"]
[White "Apro, Adrian"]
[Black "Urhegyi, Marton"]
[Result "1/2-1/2"]
[WhiteElo "2151"]
[BlackElo "2094"]
[PlyCount "95"]
[EventDate "2013.09.08"]
[EventType "team-tourn"]
[EventRounds "11"]
[EventCountry "HUN"]
[SourceTitle "EXT 2016"]
[Source "ChessBase"]
[SourceDate "2015.10.08"]
[SourceVersion "1"]
[SourceVersionDate "2015.10.08"]
[SourceQuality "1"]
[WhiteTeam "Mako II"]
[BlackTeam "Budapest Kobanya"]
[WhiteTeamCountry "HUN"]
[BlackTeamCountry "HUN"]

1. c4 Nf6 2. Nc3 e6 3. e4 e5 4. Nf3 Nc6 5. a3 a5 6. d4 exd4 7. Nxd4 Bc5 8. Nf5 0-0 9. Bd3 d6 10. g4 Ne5 11. h3 Be6 12. Qe2 Nfd7 13. b3 Bxf5 14. gxf5 Bd4 15. Bd2 Qh4 16. 0-0-0 Qxf2 17. Bc2 Nc5 18. Qh5 Ned3+ 19. Kb1 Be5 20. Ne2 g6 21. Rhg1 Bg7 22. fxg6 hxg6 23. Bc3 Ne5 24. Bxe5 dxe5 25. Qg4 a4 26. Rdf1 Qe3 27. Rg3 Qh6 28. b4 Ne6 29. Nc3 c6 30. h4 Nd4 31. Bd1 Kh8 32. h5 gxh5 33. Qh4 Ne6 34. Rf5 Nf4 35. Rgg5 Kg8 36. Bxh5 Qd6 37. Rg3 Qd2 38. Rxg7+ Kxg7 39. Qg5+ Kh7 40. Be2 Qe1+ 41. Bd1 Qxc3 42. Bc2 Rad8 43. Rxf4 Rd1+ 44. Bxd1 exf4 45. e5 f5 46. Qh5+ Kg7 47. Qg5+ Kh8 48. Qh6+ 1/2-1/2

[Event "HUN-chT2 Toth 1213"]
[Site "Hungary"]
[Date "2013.02.17"]
[Round "7.7"]
[White "Apro, Adrian"]
[Black "Zsiros, Gyorgy"]
[Result "0-1"]
[WhiteElo "2179"]
[BlackElo "1978"]
[PlyCount "150"]
[EventDate "2012.09.16"]
[EventType "team-tourn"]
[EventRounds "11"]
[EventCountry "HUN"]
[SourceTitle "EXT 2014"]
[Source "ChessBase"]
[SourceDate "2013.11.20"]
[SourceVersion "1"]
[SourceVersionDate "2013.11.20"]
[SourceQuality "1"]
[WhiteTeam "Mako II"]
[BlackTeam "Mezobereny"]
[WhiteTeamCountry "HUN"]
[BlackTeamCountry "HUN"]

1. c4 f5 2. Nc3 Nf6 3. d4 g6 4. Bg5 Bg7 5. Qd2 0-0 6. h4 d6 7. 0-0-0 Qe8 8. h5 Nxh5 9. Nd5 Na6 10. Nxe7+ Kh8 11. f3 Rf7 12. Nd5 Be6 13. Nf4 Nxf4 14. Bxf4 Bxc4 15. b3 Bb5 16. Nh3 Bf6 17. Bg5 Qe7 18. Bxf6+ Qxf6 19. Qh6 Rd7 20. Nf4 Kg8 21. g4 fxg4 22. Rg1 Rf8 23. Rxg4 Rg7 24. Bh3 Nb4 25. a3 Nc6 26. Nd5 Qd8 27. Re4 Ne7 28. Nf4 Nf5 29. Bxf5 gxf5 30. Ne6 Qf6 31. Qxf6 Rxf6 32. Nxg7 fxe4 33. Nh5 Rh6 34. Nf4 exf3 35. exf3 Rf6 36. Rg1+ Kf8 37. Rg4 Bc6 38. d5 Bd7 39. Rh4 Kg8 40. Kd2 c6 41. Ke3 c5 42. Rh2 b5 43. Rg2+ Kf7 44. Rh2 Bf5 45. b4 c4 46. Kd4 a6 47. Rh4 Ke7 48. Kc3 Rf8 49. Ne2 Bd3 50. Nd4 Rf6 51. Rh5 Bg6 52. Rh2 h5 53. Re2+ Kd7 54. Re3 Bf7 55. Nc6 Bxd5 56. Ne7 Bxf3 57. Ng8 Rf8 58. Re7+ Kd8 59. Rg7 Bd5 60. Ne7 Rf7 61. Rxf7 Bxf7 62. Nc6+ Kc7 63. Nd4 h4 64. Nf3 h3 65. Kd4 Bh5 66. Nh2 Kc6 67. Nf1 Bf3 68. Nh2 Bg2 69. Ng4 Bf3 70. Nh2 Bh1 71. Ng4 d5 72. Nf2 Bg2 73. Ng4 Kd6 74. Nh2 Ke6 75. Ke3 Kf5 0-1

[Event "HUN-chT2 Toth 1213"]
[Site "Hungary"]
[Date "2012.12.02"]
[Round "5.5"]
[White "Apro, Adrian"]
[Black "Posa, Daniel"]
[Result "1-0"]
[WhiteElo "2179"]
[BlackElo "2033"]
[PlyCount "121"]
[EventDate "2012.09.16"]
[EventType "team-tourn"]
[EventRounds "11"]
[EventCountry "HUN"]
[SourceTitle "EXT 2014"]
[Source "ChessBase"]
[SourceDate "2013.11.20"]
[SourceVersion "1"]
[SourceVersionDate "2013.11.20"]
[SourceQuality "1"]
[WhiteTeam "Mako II"]
[BlackTeam "Felegyhaza Csongrad"]
[WhiteTeamCountry "HUN"]
[BlackTeamCountry "HUN"]

1. c4 c5 2. Nf3 Nf6 3. Nc3 g6 4. g3 Bg7 5. Bg2 0-0 6. 0-0 Nc6 7. e4 d6 8. d3 Bg4 9. h3 Bd7 10. Be3 a6 11. Qd2 Re8 12. Nh4 Rb8 13. Bh6 Bh8 14. f4 Qc8 15. f5 Ne5 16. Qg5 Bg7 17. g4 Qd8 18. fxg6 hxg6 19. Nf5 Nh7 20. Qh4 gxf5 21. Bxg7 Kxg7 22. exf5 Rh8 23. g5 Nf8 24. Qg3 Bc6 25. Nd5 Bxd5 26. Bxd5 e6 27. f6+ Kg8 28. Be4 Nfg6 29. Rf2 b5 30. b3 Qb6 31. Re1 Qa5 32. Ree2 Qc3 33. Bxg6 fxg6 34. f7+ Kf8 35. Re3 Qa1+ 36. Kg2 Qd4 37. Rf4 Qb2+ 38. Rf2 Qd4 39. Rf4 Qb2+ 40. Rf2 Qc3 41. Qf4 Rh5 42. Qf6 bxc4 43. bxc4 Qd4 44. Rg3 Rh7 45. Qxe6 Rxf7 46. Rxf7+ Nxf7 47. Re3 Kg7 48. h4 Qf4 49. Re2 Rb1 50. Rf2 Qxf2+ 51. Kxf2 Rb2+ 52. Ke3 Rxa2 53. Qf6+ Kf8 54. Qxg6 Rg2 55. Qf6 Kg8 56. g6 Ne5 57. Qe6+ Kg7 58. h5 Rg3+ 59. Kf2 Rf3+ 60. Kg2 Nxg6 61. Qxg6+ 1-0

[Event "HUN-chT2 Toth 1213"]
[Site "Hungary"]
[Date "2012.11.18"]
[Round "4.7"]
[White "Pal, Imre"]
[Black "Apro, Adrian"]
[Result "1/2-1/2"]
[WhiteElo "2152"]
[BlackElo "2179"]
[PlyCount "40"]
[EventDate "2012.09.16"]
[EventType "team-tourn"]
[EventRounds "11"]
[EventCountry "HUN"]
[SourceTitle "EXT 2014"]
[Source "ChessBase"]
[SourceDate "2013.11.20"]
[SourceVersion "1"]
[SourceVersionDate "2013.11.20"]
[SourceQuality "1"]
[WhiteTeam "Toth Laszlo II"]
[BlackTeam "Mako II"]
[WhiteTeamCountry "HUN"]
[BlackTeamCountry "HUN"]

1. e4 c5 2. Nf3 Nc6 3. d4 cxd4 4. Nxd4 Nf6 5. Nc3 d6 6. Bc4 e6 7. Be3 Be7 8. Qe2 a6 9. 0-0-0 Qc7 10. Bb3 0-0 11. Rhg1 b5 12. g4 b4 13. Nxc6 Qxc6 14. Nd5 exd5 15. g5 Nxe4 16. Bxd5 Nc3 17. bxc3 Qa4 18. cxb4 Qa3+ 19. Kb1 Qxb4+ 20. Bb3 Be6 1/2-1/2

[Event "HUN-chT2 Toth 1213"]
[Site "Hungary"]
[Date "2012.11.04"]
[Round "3.7"]
[White "Purkald, Mihaly"]
[Black "Apro, Adrian"]
[Result "1/2-1/2"]
[WhiteElo "2130"]
[BlackElo "2179"]
[PlyCount "61"]
[EventDate "2012.09.16"]
[EventType "team-tourn"]
[EventRounds "11"]
[EventCountry "HUN"]
[SourceTitle "EXT 2014"]
[Source "ChessBase"]
[SourceDate "2013.11.20"]
[SourceVersion "1"]
[SourceVersionDate "2013.11.20"]
[SourceQuality "1"]
[WhiteTeam "Ujszasz"]
[BlackTeam "Mako II"]
[WhiteTeamCountry "HUN"]
[BlackTeamCountry "HUN"]

1. d4 Nf6 2. Nf3 g6 3. g3 d5 4. Bg2 Bg7 5. 0-0 0-0 6. b3 Ne4 7. Bb2 c5 8. Nbd2 Nc6 9. e3 cxd4 10. exd4 Bf5 11. a3 Rc8 12. Rc1 Bh6 13. h3 Qa5 14. c3 Qb6 15. b4 a5 16. Ra1 axb4 17. axb4 Nxd2 18. Nxd2 Nxb4 19. cxb4 Qxb4 20. Ba3 Qxd2 21. Qxd2 Bxd2 22. Bxe7 Rfe8 23. Bc5 Be4 24. Bxe4 Rxe4 25. Rab1 Bc3 26. Rfd1 Rc7 27. Kf1 Ba5 28. Rb5 b6 29. Bxb6 Bxb6 30. Rxb6 Rc4 31. Rd6 1/2-1/2

[Event "HUN-chT2 Toth 1112"]
[Site "Hungary"]
[Date "2012.05.06"]
[Round "10.5"]
[White "Gardo, Jozsef"]
[Black "Apro, Adrian"]
[Result "0-1"]
[WhiteElo "1891"]
[BlackElo "2183"]
[PlyCount "68"]
[EventDate "2011.09.25"]
[EventType "team-tourn"]
[EventRounds "11"]
[EventCountry "HUN"]
[SourceTitle "EXT 2013"]
[Source "ChessBase"]
[SourceDate "2012.11.22"]
[SourceVersion "1"]
[SourceVersionDate "2012.11.22"]
[SourceQuality "1"]
[WhiteTeam "Abony"]
[BlackTeam "Mako"]
[WhiteTeamCountry "HUN"]
[BlackTeamCountry "HUN"]

1. e4 c5 2. Nf3 Nc6 3. Nc3 e6 4. d4 cxd4 5. Nxd4 a6 6. Be3 Bb4 7. Qd2 Nf6 8. f3 d5 9. exd5 Nxd5 10. 0-0-0 Bxc3 11. bxc3 Qa5 12. Kb2 0-0 13. Nb3 Qc7 14. Bg5 b5 15. a3 Rb8 16. Bh4 f5 17. Bg3 f4 18. Bf2 Ne5 19. Nc5 Nc4+ 20. Bxc4 bxc4+ 21. Ka2 Rd8 22. Qe1 e5 23. Bh4 Qa5 24. Ne4 Rd7 25. Bf2 Rdb7 26. Bc5 Rb2+ 27. Ka1 Ne3 28. Rc1 Bf5 29. Bd6 Bxe4 30. fxe4 Qa4 31. Qd2 Rxc2 32. Rxc2 Nxc2+ 33. Qxc2 Qxc2 34. Bxb8 Qxc3+ 0-1

[Event "HUN-chT2 Toth 1112"]
[Site "Hungary"]
[Date "2012.03.11"]
[Round "7.5"]
[White "Haragos, Kalman"]
[Black "Apro, Adrian"]
[Result "1/2-1/2"]
[WhiteElo "2025"]
[BlackElo "2183"]
[PlyCount "24"]
[EventDate "2011.09.25"]
[EventType "team-tourn"]
[EventRounds "11"]
[EventCountry "HUN"]
[SourceTitle "EXT 2013"]
[Source "ChessBase"]
[SourceDate "2012.11.22"]
[SourceVersion "1"]
[SourceVersionDate "2012.11.22"]
[SourceQuality "1"]
[WhiteTeam "Gyula"]
[BlackTeam "Mako"]
[WhiteTeamCountry "HUN"]
[BlackTeamCountry "HUN"]

1. d4 Nf6 2. Nf3 g6 3. Bg5 Bg7 4. Nbd2 d5 5. e3 0-0 6. Be2 c5 7. c3 cxd4 8. exd4 Nc6 9. 0-0 h6 10. Bh4 Bf5 11. h3 Rc8 12. Re1 Re8 1/2-1/2

[Event "HUN-chT2 Toth 1112"]
[Site "Hungary"]
[Date "2012.01.29"]
[Round "5.4"]
[White "Apro, Adrian"]
[Black "Deak, Zoltan"]
[Result "1/2-1/2"]
[WhiteElo "2183"]
[BlackElo "1987"]
[PlyCount "26"]
[EventDate "2011.09.25"]
[EventType "team-tourn"]
[EventRounds "11"]
[EventCountry "HUN"]
[SourceTitle "EXT 2013"]
[Source "ChessBase"]
[SourceDate "2012.11.22"]
[SourceVersion "1"]
[SourceVersionDate "2012.11.22"]
[SourceQuality "1"]
[WhiteTeam "Mako"]
[BlackTeam "Bekes"]
[WhiteTeamCountry "HUN"]
[BlackTeamCountry "HUN"]

1. c4 e6 2. Nc3 d5 3. cxd5 exd5 4. d4 Nf6 5. Nf3 c6 6. Bf4 Bd6 7. Ne5 Qe7 8. e3 Nbd7 9. Nxd7 Bxd7 10. Bxd6 Qxd6 11. Bd3 0-0 12. h3 Rae8 13. Qc2 Re7 1/2-1/2

[Event "HUN-chT2 Toth 1112"]
[Site "Hungary"]
[Date "2011.11.27"]
[Round "4.3"]
[White "Apro, Adrian"]
[Black "Palasti, Ferenc"]
[Result "1-0"]
[WhiteElo "2183"]
[BlackElo "1982"]
[PlyCount "41"]
[EventDate "2011.09.25"]
[EventType "team-tourn"]
[EventRounds "11"]
[EventCountry "HUN"]
[SourceTitle "EXT 2013"]
[Source "ChessBase"]
[SourceDate "2012.11.22"]
[SourceVersion "1"]
[SourceVersionDate "2012.11.22"]
[SourceQuality "1"]
[WhiteTeam "Mako"]
[BlackTeam "KHTK"]
[WhiteTeamCountry "HUN"]
[BlackTeamCountry "HUN"]

1. c4 d5 2. cxd5 Qxd5 3. Nc3 Qa5 4. e4 Nf6 5. h3 e5 6. Bc4 c6 7. Qb3 Qc7 8. a4 a5 9. Nf3 Bd6 10. 0-0 0-0 11. d4 exd4 12. Nxd4 Bh2+ 13. Kh1 Be5 14. Be3 Nh5 15. Nf3 Nd7 16. Rad1 Nf4 17. Ng5 Nf6 18. Nxf7 Rxf7 19. Bxf7+ Kh8 20. Bb6 Qe7 21. Rd8+ 1-0

[Event "HUN-chT2 Toth 1112"]
[Site "Hungary"]
[Date "2011.11.13"]
[Round "3.6"]
[White "Apro, Adrian"]
[Black "Blazsik, Zoltan"]
[Result "1-0"]
[WhiteElo "2183"]
[BlackElo "1983"]
[PlyCount "80"]
[EventDate "2011.09.25"]
[EventType "team-tourn"]
[EventRounds "11"]
[EventCountry "HUN"]
[SourceTitle "EXT 2013"]
[Source "ChessBase"]
[SourceDate "2012.11.22"]
[SourceVersion "1"]
[SourceVersionDate "2012.11.22"]
[SourceQuality "1"]
[WhiteTeam "Mako"]
[BlackTeam "Maroczy II"]
[WhiteTeamCountry "HUN"]
[BlackTeamCountry "HUN"]

1. c4 c6 2. Nc3 d5 3. cxd5 cxd5 4. d4 e6 5. Nf3 Bd7 6. a3 Bd6 7. e4 dxe4 8. Nxe4 Bc6 9. Bd3 h6 10. 0-0 Nf6 11. Re1 0-0 12. Bd2 Bxe4 13. Bxe4 Nxe4 14. Rxe4 Nd7 15. Ne5 Nf6 16. Rh4 Re8 17. Rc1 Nh7 18. Rg4 f5 19. Rg3 g5 20. h4 Nf6 21. f3 Bxe5 22. dxe5 Qd4+ 23. Kh1 Nh5 24. Rh3 f4 25. Qc2 Qxe5 26. Qg6+ Qg7 27. Qxh5 Rac8 28. Bc3 e5 29. hxg5 hxg5 30. Qh6 Qxh6 31. Rxh6 Kg7 32. Rd6 Rb8 33. Re1 Rh8+ 34. Kg1 Kf7 35. Bxe5 Rhe8 36. Rd7+ Kg8 37. Rg7+ Kf8 38. Rxg5 Rbd8 39. Bg7+ Kf7 40. Rxe8 Rxe8 1-0

[Event "HUN-chT2 Toth 1011"]
[Site "Hungary"]
[Date "2010.10.24"]
[Round "4.6"]
[White "Apro, Adrian"]
[Black "Egyed, Zsolt"]
[Result "1/2-1/2"]
[WhiteElo "2189"]
[BlackElo "2083"]
[PlyCount "62"]
[EventDate "2010.09.12"]
[EventType "team-tourn"]
[EventRounds "11"]
[EventCountry "HUN"]
[SourceTitle "EXT 2012"]
[Source "ChessBase"]
[SourceDate "2011.11.24"]
[SourceVersion "1"]
[SourceVersionDate "2011.11.24"]
[SourceQuality "1"]
[WhiteTeam "Mako"]
[BlackTeam "Karcag"]
[WhiteTeamCountry "HUN"]
[BlackTeamCountry "HUN"]

1. c4 Nf6 2. Nc3 g6 3. Nf3 Bg7 4. g3 d6 5. Bg2 e5 6. 0-0 0-0 7. Rb1 c6 8. d3 Nbd7 9. b4 Nh5 10. Qb3 Kh8 11. Ng5 h6 12. Nge4 Ndf6 13. Nxf6 Nxf6 14. b5 c5 15. Rd1 Nh7 16. Nd5 Be6 17. e3 Bxd5 18. Bxd5 Qe7 19. Bb2 Rad8 20. b6 a6 21. d4 f5 22. dxe5 dxe5 23. a4 Nf6 24. a5 e4 25. Rd2 Rd7 26. Rbd1 Rfd8 27. h3 Nh7 28. Bxg7+ Qxg7 29. Qb2 Ng5 30. Kg2 Nf3 31. Qxg7+ Kxg7 1/2-1/2

[Event "HUN-chT2 Toth 0910"]
[Site "Hungary"]
[Date "2010.04.11"]
[Round "9.2"]
[White "Apro, Adrian"]
[Black "Borus, Andras"]
[Result "1/2-1/2"]
[WhiteElo "2201"]
[BlackElo "2107"]
[PlyCount "62"]
[EventDate "2009.11.08"]
[EventType "team-tourn"]
[EventRounds "11"]
[EventCountry "HUN"]
[SourceTitle "EXT 2011"]
[Source "ChessBase"]
[SourceDate "2010.11.26"]
[SourceVersion "1"]
[SourceVersionDate "2010.11.26"]
[SourceQuality "1"]
[WhiteTeam "Mako II"]
[BlackTeam "Maroczy II"]
[WhiteTeamCountry "HUN"]
[BlackTeamCountry "HUN"]

1. c4 e5 2. Nc3 Nc6 3. Nf3 d6 4. d4 Qe7 5. Bg5 f6 6. Bh4 Nh6 7. d5 Nb8 8. e4 g6 9. Qa4+ Kf7 10. h3 Kg7 11. g4 Nf7 12. Bg2 Na6 13. Qc2 Nb4 14. Qd2 h6 15. a3 Na6 16. Bg3 Nc5 17. Rd1 a5 18. b4 Na6 19. Rb1 b6 20. Na4 Bd7 21. b5 Nc5 22. Nxc5 dxc5 23. 0-0 Nd6 24. Qd3 g5 25. Ne1 Kg8 26. f3 Qg7 27. Qc3 Qe7 28. Nd3 Bg7 29. Rbe1 Re8 30. a4 Ra8 31. Re2 Kh7 1/2-1/2

[Event "HUN-chT2 Toth 0809"]
[Site "Hungary"]
[Date "2009.03.08"]
[Round "9.2"]
[White "Apro, Adrian"]
[Black "Jozaf, Csaba"]
[Result "1-0"]
[WhiteElo "2211"]
[BlackElo "1945"]
[PlyCount "43"]
[EventDate "2008.10.26"]
[EventType "tourn"]
[EventRounds "11"]
[EventCountry "HUN"]
[SourceTitle "EXT 2010"]
[Source "ChessBase"]
[SourceDate "2010.11.25"]
[SourceVersion "1"]
[SourceVersionDate "2010.11.25"]
[SourceQuality "1"]
[WhiteTeam "Mako II"]
[BlackTeam "Mezobereny"]
[WhiteTeamCountry "HUN"]
[BlackTeamCountry "HUN"]

1. c4 Nf6 2. Nc3 g6 3. Nf3 Bg7 4. g3 d6 5. Bg2 c5 6. 0-0 Nc6 7. d4 cxd4 8. Nxd4 Bd7 9. b3 0-0 10. Bb2 Rb8 11. e3 Nxd4 12. exd4 e6 13. Qd2 Qa5 14. Rfe1 b6 15. a4 Qh5 16. Ba3 Ne8 17. Ne4 Bc6 18. Nxd6 Bxg2 19. Kxg2 Nxd6 20. Bxd6 Rbd8 21. Bxf8 Rxd4 22. Qc3 1-0

[Event "HUN-chT2 Toth 0809"]
[Site "Hungary"]
[Date "2009.01.11"]
[Round "5.2"]
[White "Apro, Adrian"]
[Black "Sakic, Lorand"]
[Result "1-0"]
[WhiteElo "2211"]
[BlackElo "2020"]
[PlyCount "81"]
[EventDate "2008.10.26"]
[EventType "tourn"]
[EventRounds "11"]
[EventCountry "HUN"]
[SourceTitle "EXT 2010"]
[Source "ChessBase"]
[SourceDate "2010.11.25"]
[SourceVersion "1"]
[SourceVersionDate "2010.11.25"]
[SourceQuality "1"]
[WhiteTeam "Mako II"]
[BlackTeam "Szentes"]
[WhiteTeamCountry "HUN"]
[BlackTeamCountry "HUN"]

1. c4 c6 2. Nc3 d5 3. cxd5 cxd5 4. d4 Nf6 5. Nf3 e6 6. Bf4 a6 7. e3 Be7 8. h3 0-0 9. Bd3 Nbd7 10. 0-0 b5 11. Qe2 Bb7 12. Rac1 Rc8 13. Nd2 Qb6 14. Rfd1 Bd6 15. Bxd6 Qxd6 16. e4 dxe4 17. Ndxe4 Qf4 18. Qe3 Qh4 19. Nd6 Rc7 20. Ncxb5 Nd5 21. Qe4 Rxc1 22. Rxc1 Qh6 23. Rd1 Ba8 24. Na3 Nc3 25. Qxh7+ Qxh7 26. Bxh7+ Kxh7 27. bxc3 Kg6 28. f3 Nf6 29. Rb1 Nd5 30. c4 Nf4 31. Kf2 Rd8 32. Rb6 Kf6 33. Rxa6 Ke7 34. c5 Bd5 35. Nab5 f5 36. Nc3 Ng6 37. Nxd5+ exd5 38. Nxf5+ Kf7 39. c6 Ne7 40. Ra7 Re8 41. Nd6+ 1-0

[Event "HUN-chT 0708"]
[Site "Hungary"]
[Date "2008.03.16"]
[Round "8"]
[White "Veszpremi, Andras"]
[Black "Apro, Adrian"]
[Result "1/2-1/2"]
[WhiteElo "2156"]
[BlackElo "2207"]
[PlyCount "68"]
[EventDate "2007.10.14"]
[EventType "team-tourn"]
[EventRounds "11"]
[EventCountry "HUN"]
[SourceTitle "EXT 2009"]
[Source "ChessBase"]
[SourceDate "2008.11.26"]
[SourceVersion "1"]
[SourceVersionDate "2008.11.26"]
[SourceQuality "1"]
[WhiteTeam "Decs"]
[BlackTeam "Mako"]
[WhiteTeamCountry "HUN"]
[BlackTeamCountry "HUN"]

1. e4 c5 2. Nf3 Nc6 3. d4 cxd4 4. Nxd4 Nf6 5. Nc3 d6 6. Be2 e5 7. Nf3 h6 8. Bc4 Be7 9. h3 0-0 10. Be3 Be6 11. Bd5 Qa5 12. 0-0 Bxd5 13. Nxd5 Nxe4 14. Qd3 f5 15. Qb3 Kh8 16. Nxe7 Nxe7 17. Qxb7 Rfe8 18. b3 a6 19. Rfe1 Rab8 20. Qd7 Qc3 21. Qe6 Qxc2 22. Rec1 Qe2 23. Rc7 f4 24. Ba7 Ra8 25. Rxe7 Rg8 26. Re1 Qc2 27. Qf5 Rxa7 28. Rxa7 Qxf2+ 29. Kh2 Ng3 30. Qf7 e4 31. Nh4 Qxe1 32. Ng6+ Kh7 33. Nf8+ Kh8 34. Ng6+ Kh7 1/2-1/2